000 00733nam a2200265Ia 4500
003 OSt
005 20221007110507.0
006 a|||||r|||| 00| 0
007 ta
008 221006b |||||||| |||| 00| 0 eng d
024 _a21,231
037 _cTextual
040 _aLCO
_cLCO
_beng
041 _2eng
_aeng
082 _aY:434:5, L3
100 _aArnold Mark G.
_9707571
245 0 _aCrime of Poverty
260 _aIllinois
_bNational Textbook Company U.S.A.
_c1973
300 _a375
500 _aA Basic Overview of the Social Welfare Problem
650 _aCRIME
700 _a Rosenbaum Greg
_9707572
942 _hY:434:5, L3
_cTEXL
999 _c1190794
_d1190794